UFC P4P Rankings - Statistics

General Stats
  • This quiz has been taken 328 times
  • The average score is 11 of 15
Answer Stats
Hint Answer % Correct
13 Jon Jones
95%
1 Alexander Volkanovski
87%
2 Islam Makhachev
83%
6 Israel Adesanya
81%
4 Kamaru Usman
81%
7 Charles Oliveira
78%
3 Leon Edwards
75%
14 Max Holloway
72%
8 Alex Pereira
70%
9 Aljamain Sterling
68%
15 Brandon Moreno
68%
11 Dustin Poirier
64%
5 Francis Ngannou
53%
10 Jiri Prochazka
44%
12 Deiveson Figueiredo
37%
No matching quizzes found
Score Distribution
Percent of People with Each Score
Percentile by Number Answered
Your Score History
You have not taken this quiz